Códigos : Procesal Penal de la Nación y Procesal Penal Federal /
Guardado en:
| Formato: | Libro |
|---|---|
| Idioma: | Undetermined |
| Publicado: |
Ciudad Autónoma de Buenos Aires :
Erreius,
2023.
|
| Edición: | 1a. ed. |
| Materias: | |
| Etiquetas: |
Agregar Etiqueta
Sin Etiquetas, Sea el primero en etiquetar este registro!
|
| LEADER | 00512nam a22001575a 4500 | ||
|---|---|---|---|
| 001 | DER.der014817 | ||
| 008 | 230602s2023####xx############000#0#und#d | ||
| 005 | 20240917115141.0 | ||
| 245 | 1 | 0 | |a Códigos : |b Procesal Penal de la Nación y Procesal Penal Federal / |c Argentina. |
| 250 | |a 1a. ed. | ||
| 260 | |a Ciudad Autónoma de Buenos Aires : |b Erreius, |c 2023. | ||
| 300 | |a 363 p. | ||
| 020 | |a 9789877933192 | ||
| 240 | 1 | 0 | |a Argentina - Códigos |
| 650 | 7 | |a DERECHO PROCESAL PENAL | |
| 859 | |a DERECHO |b BIB. DERECHO |h 348.023 |i ARG |p 0010198 | ||
